[Event "Team Championship Russia (Blitz, Men)"]
[Site "Sochi"]
[Date "2018.10.10"]
[Round "5.9"]
[White "Chigaev, Maksim"]
[Black "Paravyan, David"]
[Result "1-0"]
[BlackElo "2634"]
[WhiteElo "2616"]
[LiveChessVersion "1.4.8"]

1. e4 e5 {[%clk 0:03:03]} 2. Bc4 {[%clk 0:03:01]} Nf6 {[%clk 0:03:02]} 3. d3
{[%clk 0:03:02]} Nc6 {[%clk 0:03:04]} 4. Nf3 {[%clk 0:03:03]} Bc5
{[%clk 0:03:05]} 5. O-O {[%clk 0:03:03]} d6 {[%clk 0:03:05]} 6. a4
{[%clk 0:03:04]} a6 {[%clk 0:03:05]} 7. c3 {[%clk 0:03:05]} h6 {[%clk 0:03:05]}
8. Re1 {[%clk 0:03:03]} O-O {[%clk 0:03:05]} 9. h3 {[%clk 0:03:03]} a5
{[%clk 0:03:06]} 10. Nbd2 {[%clk 0:02:46]} Be6 {[%clk 0:02:57]} 11. b3
{[%clk 0:02:47]} Re8 {[%clk 0:02:54]} 12. Nf1 {[%clk 0:02:45]} d5
{[%clk 0:02:53]} 13. exd5 {[%clk 0:02:37]} Nxd5 {[%clk 0:02:46]} 14. Bd2
{[%clk 0:02:34]} Nf4 {[%clk 0:01:33]} 15. Bxf4 {[%clk 0:02:27]} Bxc4
{[%clk 0:01:32]} 16. bxc4 {[%clk 0:02:22]} exf4 {[%clk 0:01:32]} 17. d4
{[%clk 0:02:12]} Bf8 {[%clk 0:01:33]} 18. N1d2 {[%clk 0:02:12]} Rxe1+
{[%clk 0:01:16]} 19. Qxe1 {[%clk 0:02:13]} Qd7 {[%clk 0:01:15]} 20. Qb1
{[%clk 0:02:11]} b6 {[%clk 0:01:01]} 21. Qe4 {[%clk 0:02:08]} Re8
{[%clk 0:01:03]} 22. Qxf4 {[%clk 0:02:08]} Bd6 {[%clk 0:01:04]} 23. Qg4
{[%clk 0:02:05]} f5 {[%clk 0:00:59]} 24. Qh5 {[%clk 0:02:06]} Bf4
{[%clk 0:00:44]} 25. Nf1 {[%clk 0:01:47]} Nd8 {[%clk 0:00:23]} 26. Nh4
{[%clk 0:01:31]} Re4 {[%clk 0:00:05]} 27. Nxf5 {[%clk 0:01:17]} Qe6
{[%clk 0:00:07]} 28. N5e3 {[%clk 0:01:06]} Nf7 {[%clk 0:00:07]} 29. Qd5
{[%clk 0:01:03]} Bxe3 {[%clk 0:00:03]} 30. Nxe3 {[%clk 0:00:59]} Nd6
{[%clk 0:00:04]} 31. Qc6 {[%clk 0:00:27]} Qe7 {[%clk 0:00:03]} 32. c5
{[%clk 0:00:27]} bxc5 {[%clk 0:00:03]} 33. dxc5 {[%clk 0:00:27]} Nf7
{[%clk 0:00:03]} 34. Rd1 {[%clk 0:00:19]} Re6 {[%clk 0:00:03]} 35. Qa8+
{[%clk 0:00:19]} Kh7 {[%clk 0:00:04]} 36. Qd5 {[%clk 0:00:19]} Re5
{[%clk 0:00:04]} 37. Qd3+ {[%clk 0:00:19]} g6 {[%clk 0:00:05]} 38. c6
{[%clk 0:00:19]} Nd6 {[%clk 0:00:06]} 39. Nd5 {[%clk 0:00:14]} Re1+
{[%clk 0:00:07]} 40. Kh2 {[%clk 0:00:05]} Rxd1 {[%clk 0:00:08]} 41. Qxd1
{[%clk 0:00:06]} Qe8 {[%clk 0:00:09]} 42. Nf6+ {[%clk 0:00:07]} 1-0

[Event "Team Championship Russia (Blitz, Men)"]
[Site "Sochi"]
[Date "2018.10.10"]
[Round "5.10"]
[White "Antipov, Mikhail Al."]
[Black "Vastrukhin, Oleg"]
[Result "0-1"]
[BlackElo "2535"]
[WhiteElo "2491"]
[LiveChessVersion "1.4.8"]

1. e4 {[%clk 0:03:04]} g6 {[%clk 0:03:02]} 2. d4 {[%clk 0:03:04]} Bg7
{[%clk 0:03:04]} 3. Nc3 {[%clk 0:03:05]} c6 {[%clk 0:03:05]} 4. h3
{[%clk 0:03:06]} d5 {[%clk 0:03:06]} 5. e5 {[%clk 0:03:07]} f6 6. f4 Nh6
{[%clk 0:03:02]} 7. g4 {[%clk 0:03:10]} Na6 {[%clk 0:02:42]} 8. Nf3
{[%clk 0:03:07]} O-O {[%clk 0:02:37]} 9. Be3 {[%clk 0:02:50]} Qb6
{[%clk 0:02:30]} 10. Qd2 {[%clk 0:02:51]} Qxb2 {[%clk 0:02:02]} 11. Rb1
{[%clk 0:02:52]} Qa3 {[%clk 0:02:03]} 12. Rb3 {[%clk 0:02:54]} Qa5
{[%clk 0:02:04]} 13. f5 {[%clk 0:01:15]} Nxf5 {[%clk 0:02:05]} 14. gxf5
{[%clk 0:01:16]} Bxf5 {[%clk 0:02:06]} 15. Rxb7 {[%clk 0:00:58]} Nb4
{[%clk 0:01:53]} 16. Bd3 {[%clk 0:00:51]} Nxd3+ {[%clk 0:01:50]} 17. cxd3
{[%clk 0:00:52]} Rab8 {[%clk 0:01:31]} 18. Rxe7 Qa3 19. O-O {[%clk 0:00:18]} Qxe7
{[%clk 0:01:32]} 20. Re1 {[%clk 0:00:14]} fxe5 {[%clk 0:01:23]} 21. Bg5
{[%clk 0:00:12]} Qb4 {[%clk 0:01:07]} 22. a3 {[%clk 0:00:06]} Qxa3
{[%clk 0:00:56]} 23. dxe5 {[%clk 0:00:07]} Rb2 {[%clk 0:00:52]} 24. Qc1
{[%clk 0:00:09]} Rb3 {[%clk 0:00:53]} 25. Nxd5 {[%clk 0:00:06]} cxd5
{[%clk 0:00:43]} 26. Qc7 {[%clk 0:00:07]} Rxd3 {[%clk 0:00:30]} 27. Bf6
{[%clk 0:00:09]} Bxf6 {[%clk 0:00:26]} 28. exf6 {[%clk 0:00:10]} Rxf6
{[%clk 0:00:27]} 29. Re8+ {[%clk 0:00:05]} Rf8 {[%clk 0:00:28]} 30. Rxf8+
{[%clk 0:00:05]} Qxf8 31. Ng5 {[%clk 0:00:04]} Rd1+ {[%clk 0:00:22]} 32. Kh2
{[%clk 0:00:05]} Rh1+ {[%clk 0:00:13]} 33. Kxh1 Be4+ 34. Kg1 Qf5 {[%clk 0:00:10]}
35. Qxh7+ {[%clk 0:00:04]} Kf8 {[%clk 0:00:12]} 36. Qh4 {[%clk 0:00:04]} a5
{[%clk 0:00:10]} 37. Qh8+ {[%clk 0:00:05]} Ke7 {[%clk 0:00:11]} 38. Qg7+
{[%clk 0:00:06]} Kd6 {[%clk 0:00:11]} 39. Nf7+ {[%clk 0:00:07]} Kc6
{[%clk 0:00:09]} 40. Qc3+ {[%clk 0:00:08]} Kd7 {[%clk 0:00:10]} 41. Qg7
{[%clk 0:00:06]} Kc6 {[%clk 0:00:08]} 42. Nd8+ {[%clk 0:00:05]} Kb5
{[%clk 0:00:07]} 43. Qb2+ {[%clk 0:00:05]} Kc4 {[%clk 0:00:09]} 44. Qa2+
{[%clk 0:00:04]} Kd3 {[%clk 0:00:09]} 45. Qb1+ {[%clk 0:00:04]} Ke2
{[%clk 0:00:07]} 46. Qb2+ {[%clk 0:00:04]} Bc2 {[%clk 0:00:06]} 47. Qb5+
{[%clk 0:00:05]} Qd3 {[%clk 0:00:05]} 48. Qe8+ {[%clk 0:00:05]} Qe3+
{[%clk 0:00:06]} 0-1

[Event "Team Championship Russia (Blitz, Men)"]
[Site "Sochi"]
[Date "2018.10.10"]
[Round "5.11"]
[White "Lugovskoy, Maxim"]
[Black "Yuffa, Daniil"]
[Result "0-1"]
[BlackElo "2470"]
[WhiteElo "2436"]
[LiveChessVersion "1.4.8"]

1. d4 {[%clk 0:03:03]} d5 {[%clk 0:03:02]} 2. Nc3 {[%clk 0:03:04]} c6
{[%clk 0:03:03]} 3. Bf4 {[%clk 0:03:04]} Qb6 {[%clk 0:03:02]} 4. Rb1
{[%clk 0:03:05]} Nf6 {[%clk 0:03:03]} 5. Nf3 {[%clk 0:03:05]} Bf5
{[%clk 0:02:58]} 6. e3 {[%clk 0:03:05]} Nbd7 {[%clk 0:02:59]} 7. Bd3
{[%clk 0:03:06]} Bg6 {[%clk 0:02:59]} 8. Ne5 {[%clk 0:03:06]} e6 {[%clk 0:02:59]}
9. O-O {[%clk 0:03:05]} Be7 {[%clk 0:03:00]} 10. Qf3 {[%clk 0:02:54]} O-O
{[%clk 0:02:59]} 11. Bg5 {[%clk 0:02:54]} Rfe8 {[%clk 0:02:47]} 12. Nxd7
{[%clk 0:02:40]} Nxd7 {[%clk 0:02:48]} 13. Bxe7 {[%clk 0:02:41]} Rxe7
{[%clk 0:02:48]} 14. Bxg6 {[%clk 0:02:22]} hxg6 {[%clk 0:02:49]} 15. Qg3
{[%clk 0:02:12]} c5 {[%clk 0:02:44]} 16. Rfd1 {[%clk 0:02:10]} cxd4
{[%clk 0:02:40]} 17. Rxd4 {[%clk 0:02:11]} Nf8 {[%clk 0:02:06]} 18. Rh4
{[%clk 0:01:58]} f6 {[%clk 0:02:05]} 19. Ne2 {[%clk 0:01:54]} Kf7
{[%clk 0:01:57]} 20. Rg4 {[%clk 0:01:50]} e5 {[%clk 0:01:49]} 21. h4
{[%clk 0:01:49]} f5 {[%clk 0:01:42]} 22. Ra4 {[%clk 0:01:34]} Qc6
{[%clk 0:01:42]} 23. Nc3 {[%clk 0:01:35]} b5 {[%clk 0:01:22]} 24. Rb4
{[%clk 0:01:28]} a5 {[%clk 0:01:23]} 25. Rb3 {[%clk 0:00:59]} b4 {[%clk 0:01:24]}
26. Ne2 {[%clk 0:00:42]} Qxc2 {[%clk 0:01:24]} 27. Re1 {[%clk 0:00:44]} a4
{[%clk 0:01:20]} 28. Rc1 {[%clk 0:00:25]} Qxe2 {[%clk 0:01:14]} 29. Rxb4
{[%clk 0:00:26]} Nh7 {[%clk 0:00:47]} 30. Rb6 {[%clk 0:00:26]} Nf6
{[%clk 0:00:48]} 31. Rcc6 {[%clk 0:00:17]} Qe1+ {[%clk 0:00:46]} 32. Kh2
{[%clk 0:00:11]} Ng4+ {[%clk 0:00:47]} 0-1

[Event "Team Championship Russia (Blitz, Men)"]
[Site "Sochi"]
[Date "2018.10.10"]
[Round "5.12"]
[White "Kryakvin, Dmitry"]
[Black "Murzin, Volodar"]
[Result "1-0"]
[BlackElo "2450"]
[WhiteElo "2468"]
[LiveChessVersion "1.4.8"]

1. d4 {[%clk 0:03:02]} Nf6 {[%clk 0:03:03]} 2. c4 {[%clk 0:03:04]} g6
{[%clk 0:03:05]} 3. Nc3 {[%clk 0:03:05]} Bg7 {[%clk 0:03:06]} 4. e4
{[%clk 0:03:06]} O-O 5. Nf3 d6 {[%clk 0:03:08]} 6. Be2 {[%clk 0:03:07]} Nbd7
{[%clk 0:03:08]} 7. O-O {[%clk 0:03:05]} e5 {[%clk 0:03:09]} 8. Qc2
{[%clk 0:03:05]} Re8 {[%clk 0:03:05]} 9. Rd1 {[%clk 0:03:06]} exd4
{[%clk 0:03:02]} 10. Nxd4 {[%clk 0:03:07]} Nc5 {[%clk 0:03:02]} 11. f3
{[%clk 0:03:08]} Bd7 {[%clk 0:03:03]} 12. Be3 {[%clk 0:03:03]} a6
{[%clk 0:02:54]} 13. b4 {[%clk 0:02:50]} Ne6 {[%clk 0:02:52]} 14. Nxe6
{[%clk 0:02:50]} Rxe6 {[%clk 0:02:29]} 15. Rac1 {[%clk 0:02:43]} Qe8
{[%clk 0:02:17]} 16. Bd4 {[%clk 0:02:03]} c6 {[%clk 0:01:57]} 17. Bf1
{[%clk 0:02:02]} Nh5 {[%clk 0:01:41]} 18. Bxg7 {[%clk 0:02:01]} Nxg7
{[%clk 0:01:41]} 19. c5 {[%clk 0:01:59]} dxc5 {[%clk 0:01:32]} 20. bxc5
{[%clk 0:02:00]} Rd8 {[%clk 0:01:15]} 21. Na4 {[%clk 0:01:55]} Re5
{[%clk 0:00:44]} 22. Qc3 {[%clk 0:01:45]} Re7 {[%clk 0:00:39]} 23. Nb6
{[%clk 0:01:38]} Be6 {[%clk 0:00:40]} 24. Rd6 {[%clk 0:01:35]} Rb8
{[%clk 0:00:17]} 25. Qd2 Qf8 {[%clk 0:00:15]} 26. a4 {[%clk 0:01:15]} Ree8
{[%clk 0:00:09]} 27. a5 {[%clk 0:01:15]} f5 {[%clk 0:00:08]} 28. Bd3
{[%clk 0:01:10]} fxe4 {[%clk 0:00:08]} 29. Bxe4 {[%clk 0:01:12]} Nf5
{[%clk 0:00:06]} 30. Nd7 {[%clk 0:00:53]} Bxd7 {[%clk 0:00:05]} 31. Rxd7
{[%clk 0:00:55]} Red8 {[%clk 0:00:03]} 32. Bxf5 {[%clk 0:00:53]} gxf5
{[%clk 0:00:05]} 33. Rd6 {[%clk 0:00:45]} Qe7 {[%clk 0:00:03]} 34. Rd1
{[%clk 0:00:44]} Re8 {[%clk 0:00:05]} 35. Qa2+ Qf7 36. Qxf7+ {[%clk 0:00:23]}
Kxf7 {[%clk 0:00:08]} 37. Rd7+ {[%clk 0:00:23]} Re7 38. Kf2 Rbe8 {[%clk 0:00:10]}
39. Kg3 {[%clk 0:00:24]} Kf6 {[%clk 0:00:09]} 40. R1d6+ {[%clk 0:00:18]} Kf7
{[%clk 0:00:05]} 41. Kf4 {[%clk 0:00:18]} Rxd7 {[%clk 0:00:06]} 42. Rxd7+
{[%clk 0:00:20]} Kf6 {[%clk 0:00:07]} 43. Rxb7 {[%clk 0:00:16]} Re2
{[%clk 0:00:08]} 44. Rb6 {[%clk 0:00:17]} Rxg2 {[%clk 0:00:09]} 45. Rxc6+
{[%clk 0:00:17]} Ke7 {[%clk 0:00:11]} 46. Rh6 {[%clk 0:00:17]} Kd7
{[%clk 0:00:11]} 47. Kxf5 {[%clk 0:00:16]} Ra2 {[%clk 0:00:10]} 48. Ke5
{[%clk 0:00:14]} Rxa5 {[%clk 0:00:11]} 49. Kd5 {[%clk 0:00:16]} Ra2
{[%clk 0:00:11]} 50. Rxh7+ {[%clk 0:00:17]} Kd8 {[%clk 0:00:12]} 51. h4
{[%clk 0:00:16]} a5 {[%clk 0:00:13]} 52. h5 {[%clk 0:00:16]} a4 {[%clk 0:00:14]}
53. h6 {[%clk 0:00:17]} a3 {[%clk 0:00:14]} 54. Ra7 {[%clk 0:00:18]} Rd2+
{[%clk 0:00:14]} 55. Kc6 {[%clk 0:00:18]} a2 {[%clk 0:00:14]} 56. h7
{[%clk 0:00:20]} Rh2 {[%clk 0:00:15]} 57. Rxa2 {[%clk 0:00:20]} Rh6+
{[%clk 0:00:16]} 58. Kb5 {[%clk 0:00:21]} 1-0

[Event "Team Championship Russia (Blitz, Men)"]
[Site "Sochi"]
[Date "2018.10.10"]
[Round "5.13"]
[White "Bocharov, Ivan"]
[Black "Sychev, Klementy"]
[Result "0-1"]
[BlackElo "2638"]
[WhiteElo "2667"]
[LiveChessVersion "1.4.8"]

1. e4 {[%clk 0:03:04]} e5 {[%clk 0:03:04]} 2. Nf3 {[%clk 0:03:05]} Nc6
{[%clk 0:03:05]} 3. Bc4 {[%clk 0:03:06]} Nf6 4. d3 Bc5 {[%clk 0:03:06]} 5. O-O
{[%clk 0:03:08]} O-O {[%clk 0:03:07]} 6. Re1 {[%clk 0:03:07]} Ng4
{[%clk 0:03:02]} 7. Re2 {[%clk 0:03:04]} d6 {[%clk 0:03:03]} 8. h3
{[%clk 0:03:04]} Nf6 {[%clk 0:03:03]} 9. Bg5 {[%clk 0:02:57]} h6 {[%clk 0:02:56]}
10. Bh4 {[%clk 0:02:58]} g5 {[%clk 0:02:54]} 11. Bg3 {[%clk 0:02:58]} Nh5
{[%clk 0:02:48]} 12. Kh2 {[%clk 0:02:41]} Kh8 {[%clk 0:02:33]} 13. c3
{[%clk 0:02:33]} g4 {[%clk 0:01:45]} 14. Nh4 {[%clk 0:02:19]} gxh3
{[%clk 0:01:32]} 15. gxh3 {[%clk 0:02:18]} Nf4 {[%clk 0:01:26]} 16. Re1
{[%clk 0:02:10]} Qg5 {[%clk 0:01:13]} 17. Nd2 {[%clk 0:01:51]} Nxh3
{[%clk 0:00:59]} 18. d4 {[%clk 0:01:52]} exd4 19. Ndf3 Qg7 {[%clk 0:00:29]} 20.
Nf5 {[%clk 0:01:40]} Bxf5 {[%clk 0:00:29]} 21. exf5 {[%clk 0:01:41]} Ng5
{[%clk 0:00:25]} 22. Nxd4 {[%clk 0:01:08]} Bxd4 {[%clk 0:00:20]} 23. cxd4
{[%clk 0:01:08]} Nxd4 {[%clk 0:00:20]} 24. Bd5 {[%clk 0:01:09]} Nxf5
{[%clk 0:00:20]} 25. b3 {[%clk 0:00:50]} Nxg3 {[%clk 0:00:20]} 26. fxg3
{[%clk 0:00:51]} Rae8 {[%clk 0:00:19]} 27. Qh5 {[%clk 0:00:50]} c6
{[%clk 0:00:19]} 28. Bg2 {[%clk 0:00:49]} d5 {[%clk 0:00:20]} 29. Rf1
{[%clk 0:00:49]} Re5 {[%clk 0:00:19]} 30. Rf4 {[%clk 0:00:49]} Rfe8
{[%clk 0:00:18]} 31. Raf1 {[%clk 0:00:51]} R8e7 {[%clk 0:00:19]} 32. Qh4
{[%clk 0:00:50]} Re2 {[%clk 0:00:15]} 33. Kh1 {[%clk 0:00:52]} Re1
{[%clk 0:00:16]} 34. Kh2 {[%clk 0:00:50]} Rxf1 {[%clk 0:00:17]} 35. Rxf1
{[%clk 0:00:51]} Kg8 {[%clk 0:00:18]} 36. Qf4 {[%clk 0:00:52]} a6
{[%clk 0:00:17]} 37. Qb8+ {[%clk 0:00:52]} Kh7 {[%clk 0:00:18]} 38. Qd8
{[%clk 0:00:52]} Re2 {[%clk 0:00:13]} 39. Kh1 {[%clk 0:00:50]} Ne4
{[%clk 0:00:11]} 40. Bxe4+ {[%clk 0:00:50]} Rxe4 {[%clk 0:00:11]} 41. Qd7
{[%clk 0:00:50]} f6 {[%clk 0:00:08]} 42. Qf5+ {[%clk 0:00:52]} Kh8
{[%clk 0:00:07]} 43. Qc8+ {[%clk 0:00:52]} Kh7 {[%clk 0:00:07]} 44. Qf5+
{[%clk 0:00:53]} Kg8 {[%clk 0:00:07]} 45. Qc8+ {[%clk 0:00:55]} Qf8
{[%clk 0:00:09]} 46. Qxb7 {[%clk 0:00:55]} Re6 {[%clk 0:00:08]} 47. Qxa6
{[%clk 0:00:55]} Qe8 {[%clk 0:00:10]} 48. Rf2 {[%clk 0:00:53]} Re1+
{[%clk 0:00:10]} 49. Kg2 {[%clk 0:00:53]} Qe4+ {[%clk 0:00:11]} 50. Rf3
{[%clk 0:00:54]} Re2+ {[%clk 0:00:12]} 51. Kh3 {[%clk 0:00:54]} Qxf3
{[%clk 0:00:12]} 52. Qc8+ {[%clk 0:00:55]} Kf7 {[%clk 0:00:12]} 53. Qd7+
{[%clk 0:00:55]} Re7 {[%clk 0:00:13]} 54. Qxc6 {[%clk 0:00:56]} Qh1+
{[%clk 0:00:12]} 55. Kg4 {[%clk 0:00:57]} Re4+ {[%clk 0:00:13]} 0-1

[Event "Team Championship Russia (Blitz, Men)"]
[Site "Sochi"]
[Date "2018.10.10"]
[Round "5.14"]
[White "Demidov, Mikhail"]
[Black "Bocharov, Dmitry"]
[Result "0-1"]
[BlackElo "2649"]
[WhiteElo "2522"]
[LiveChessVersion "1.4.8"]

1. Nf3 {[%clk 0:03:02]} c5 {[%clk 0:03:02]} 2. g3 {[%clk 0:03:04]} g6
{[%clk 0:03:02]} 3. Bg2 {[%clk 0:03:04]} Bg7 {[%clk 0:03:03]} 4. O-O
{[%clk 0:03:04]} Nc6 {[%clk 0:03:04]} 5. d3 {[%clk 0:03:05]} e5 {[%clk 0:03:02]}
6. c4 {[%clk 0:02:51]} Nge7 {[%clk 0:03:01]} 7. Nc3 {[%clk 0:02:51]} d6
{[%clk 0:03:02]} 8. a3 {[%clk 0:02:48]} O-O {[%clk 0:03:02]} 9. Rb1
{[%clk 0:02:49]} a5 {[%clk 0:03:02]} 10. Ne1 {[%clk 0:02:51]} Be6
{[%clk 0:03:00]} 11. Nd5 {[%clk 0:02:49]} Rb8 {[%clk 0:03:01]} 12. Nc2
{[%clk 0:02:44]} b5 {[%clk 0:03:01]} 13. Nce3 {[%clk 0:02:36]} b4
{[%clk 0:02:45]} 14. axb4 {[%clk 0:02:32]} axb4 {[%clk 0:02:43]} 15. Ra1
{[%clk 0:02:31]} f5 {[%clk 0:02:42]} 16. Ra6 {[%clk 0:02:15]} f4 {[%clk 0:02:04]}
17. Nxe7+ {[%clk 0:02:13]} Nxe7 {[%clk 0:02:04]} 18. Nd5 {[%clk 0:02:11]} Nxd5
{[%clk 0:02:04]} 19. cxd5 {[%clk 0:02:10]} Bc8 {[%clk 0:01:47]} 20. Ra7
{[%clk 0:02:05]} Qb6 {[%clk 0:01:28]} 21. Qa4 {[%clk 0:01:58]} Bg4
{[%clk 0:01:27]} 22. h3 {[%clk 0:01:37]} Bc8 {[%clk 0:01:15]} 23. g4
{[%clk 0:01:32]} Rb7 {[%clk 0:01:11]} 24. Ra6 {[%clk 0:01:33]} Qd8
{[%clk 0:01:10]} 25. Bd2 {[%clk 0:01:01]} h5 {[%clk 0:01:06]} 26. gxh5
{[%clk 0:00:47]} Qg5 {[%clk 0:00:46]} 27. Kh2 {[%clk 0:00:34]} Qxh5
{[%clk 0:00:46]} 28. Rxd6 {[%clk 0:00:30]} e4 {[%clk 0:00:22]} 29. Re6
{[%clk 0:00:22]} f3 {[%clk 0:00:21]} 30. exf3 {[%clk 0:00:19]} exf3
{[%clk 0:00:22]} 31. Rfe1 {[%clk 0:00:17]} Bxe6 {[%clk 0:00:17]} 32. dxe6
{[%clk 0:00:18]} fxg2 {[%clk 0:00:17]} 33. e7 {[%clk 0:00:16]} Be5+
{[%clk 0:00:14]} 34. f4 {[%clk 0:00:14]} Rxe7 {[%clk 0:00:14]} 35. fxe5
{[%clk 0:00:14]} Rf3 {[%clk 0:00:13]} 36. Qa8+ {[%clk 0:00:13]} Kh7
{[%clk 0:00:15]} 37. Qc8 {[%clk 0:00:12]} Rf1 {[%clk 0:00:12]} 38. Kxg2
{[%clk 0:00:06]} Qf3+ {[%clk 0:00:13]} 39. Kh2 {[%clk 0:00:07]} Qf2#
{[%clk 0:00:13]} 0-1

[Event "Team Championship Russia (Blitz, Men)"]
[Site "Sochi"]
[Date "2018.10.10"]
[Round "5.15"]
[White "Khanin, Semen"]
[Black "Afanasiev, Nikita"]
[Result "0-1"]
[BlackElo "2543"]
[WhiteElo "2545"]
[LiveChessVersion "1.4.8"]

1. e4 {[%clk 0:03:03]} g6 {[%clk 0:03:03]} 2. d4 {[%clk 0:03:04]} Bg7
{[%clk 0:03:04]} 3. Nf3 {[%clk 0:03:04]} d6 {[%clk 0:03:04]} 4. Bc4
{[%clk 0:03:05]} a6 {[%clk 0:03:05]} 5. Qe2 {[%clk 0:03:03]} e6 {[%clk 0:03:04]}
6. a4 {[%clk 0:02:59]} b6 {[%clk 0:03:05]} 7. O-O {[%clk 0:02:57]} Ne7
{[%clk 0:03:05]} 8. Bf4 {[%clk 0:02:38]} h6 {[%clk 0:03:06]} 9. Bg3
{[%clk 0:02:37]} Nd7 {[%clk 0:03:01]} 10. Nbd2 {[%clk 0:02:36]} Bb7
{[%clk 0:03:01]} 11. c3 {[%clk 0:02:36]} O-O {[%clk 0:02:53]} 12. Rfe1
{[%clk 0:02:21]} Kh8 {[%clk 0:02:39]} 13. b4 {[%clk 0:01:58]} Nf6
{[%clk 0:01:58]} 14. h3 {[%clk 0:01:51]} Nd7 {[%clk 0:01:20]} 15. a5
{[%clk 0:01:49]} b5 {[%clk 0:01:17]} 16. Bd3 {[%clk 0:01:47]} Re8
{[%clk 0:00:58]} 17. Rac1 {[%clk 0:01:32]} f5 {[%clk 0:00:53]} 18. Bh4
{[%clk 0:01:16]} Nf6 {[%clk 0:00:40]} 19. e5 {[%clk 0:01:07]} Nh5
{[%clk 0:00:32]} 20. exd6 {[%clk 0:00:37]} Qxd6 {[%clk 0:00:25]} 21. Qxe6
{[%clk 0:00:29]} Qxe6 {[%clk 0:00:24]} 22. Rxe6 {[%clk 0:00:30]} Nf4
{[%clk 0:00:25]} 23. Rxe7 {[%clk 0:00:29]} Rxe7 {[%clk 0:00:25]} 24. Bxe7
{[%clk 0:00:30]} Nxd3 {[%clk 0:00:25]} 25. Rd1 {[%clk 0:00:18]} Re8
{[%clk 0:00:26]} 26. Nb3 {[%clk 0:00:16]} Nb2 {[%clk 0:00:19]} 27. Rb1
{[%clk 0:00:12]} Na4 {[%clk 0:00:20]} 28. Bh4 {[%clk 0:00:06]} Nxc3
{[%clk 0:00:21]} 29. Re1 {[%clk 0:00:05]} Rxe1+ 30. Nxe1 {[%clk 0:00:06]} Nd5
{[%clk 0:00:10]} 31. Nd3 {[%clk 0:00:06]} Bc8 {[%clk 0:00:09]} 32. Bg3
{[%clk 0:00:07]} Kg8 {[%clk 0:00:09]} 33. Be5 {[%clk 0:00:08]} Bf8
{[%clk 0:00:10]} 34. Nbc5 {[%clk 0:00:09]} Kf7 {[%clk 0:00:09]} 35. f3
{[%clk 0:00:09]} g5 {[%clk 0:00:09]} 36. Kf2 {[%clk 0:00:09]} f4 {[%clk 0:00:11]}
37. h4 {[%clk 0:00:10]} Bf5 {[%clk 0:00:09]} 38. hxg5 {[%clk 0:00:10]} hxg5
{[%clk 0:00:11]} 39. Ke2 {[%clk 0:00:10]} Bxd3+ {[%clk 0:00:11]} 40. Kxd3
{[%clk 0:00:10]} Nxb4+ {[%clk 0:00:12]} 41. Ke4 {[%clk 0:00:10]} c6
{[%clk 0:00:10]} 42. Kf5 {[%clk 0:00:08]} Bxc5 {[%clk 0:00:10]} 43. dxc5
{[%clk 0:00:09]} Nd3 {[%clk 0:00:10]} 44. Bd4 {[%clk 0:00:09]} Ne1
{[%clk 0:00:08]} 45. Kxg5 {[%clk 0:00:09]} Nxg2 {[%clk 0:00:09]} 46. Kf5
{[%clk 0:00:07]} b4 {[%clk 0:00:09]} 47. Ke5 {[%clk 0:00:07]} Ke7
{[%clk 0:00:08]} 48. Ke4 {[%clk 0:00:06]} Ke6 {[%clk 0:00:09]} 49. Bb2
{[%clk 0:00:07]} Ne1 {[%clk 0:00:07]} 50. Bc1 {[%clk 0:00:07]} Ng2
{[%clk 0:00:05]} 51. Kd4 {[%clk 0:00:08]} Kf5 {[%clk 0:00:05]} 52. Kd3
{[%clk 0:00:03]} Ke5 {[%clk 0:00:06]} 53. Bb2+ {[%clk 0:00:04]} Kd5
{[%clk 0:00:07]} 54. Bc1 {[%clk 0:00:05]} Kxc5 {[%clk 0:00:07]} 55. Bb2
{[%clk 0:00:06]} Kb5 {[%clk 0:00:08]} 56. Kd4 0-1